ASSERTIVE DISCIPLINE A TAKE CHARGE APPROACH FOR TODAY,S EDUCATOR / (Record no. 616320)
[ view plain ]
| 000 -LEADER | |
|---|---|
| fixed length control field | 00374nam a22001337a 4500 |
| 020 ## - INTERNATIONAL STANDARD BOOK NUMBER | |
| Qualifying information | PB. |
| 040 ## - CATALOGING SOURCE | |
| Transcribing agency | FIZZA ISHAQ |
| 082 ## - DEWEY DECIMAL CLASSIFICATION NUMBER | |
| Classification number | 649.64 |
| Author Mark | LEE |
| 100 ## - MAIN ENTRY--PERSONAL NAME | |
| Personal name | CANTER,LEE. |
| 9 (RLIN) | 133350 |
| 245 ## - TITLE STATEMENT | |
| Title | ASSERTIVE DISCIPLINE A TAKE CHARGE APPROACH FOR TODAY,S EDUCATOR / |
| Statement of responsibility, etc. | LEE CANTER. |
| 260 ## - PUBLICATION, DISTRIBUTION, ETC. | |
| Place of publication, distribution, etc. | NEW YORK ; |
| Name of publisher, distributor, etc. | LOS ANGELES , |
| Date of publication, distribution, etc. | 1976. |
| 300 ## - PHYSICAL DESCRIPTION | |
| Extent | 191 P. ; |
| Dimensions | 8.1X5.1IN |
| 942 ## - ADDED ENTRY ELEMENTS (KOHA) | |
| Source of classification or shelving scheme | |
| Koha item type | Book |
| Withdrawn status | Lost status | Source of classification or shelving scheme | Damaged status | Not for loan | Permanent Location | Current Location | Shelving location | Date acquired | Total Checkouts | Full call number | Barcode | Date last seen | Price effective from | Koha item type |
|---|---|---|---|---|---|---|---|---|---|---|---|---|---|---|
| NUST Baluchistan Campus (NBC) | NUST Baluchistan Campus (NBC) | General Stacks | 02/23/2026 | 649.64 LEE | QD-732 | 02/23/2026 | 02/23/2026 | Book |
